01756nam a22002417a 4500003000400000005001700004008004100021020002200062040002600084050002800110100003800138245007000176250001200246260004900258300004000307520076000347650005301107650005101160658008801211942004101299999001501340952015901355OSt20250408095210.0250408b |||||||| |||| 00| 0 eng d a978-621-416-133-1 cFoundation University a(CBA) HF5661b2024 R786 aRoque, Gerardo S.dauthor.910560 aCPA examination reviewer :bauditing practice /cGerardo S. Roque aEdition aManila :bGIC ENTERPRISES & CO., INC.,c2024 a842 pages :billustrations.;c21 cm aThe Syllabus for AUDITING in the Licensure Examination forCertified Public Accountants (LECPA) consists of two parts: Part A. AUDITING THEORY and Part B. AUDITING PRACTICE The AUDITING PRACTICE PART includes questions about the auditof the amounts of various accounts of business processes such as(1) order to cash; (2) purchase to pay; (3) plan to inventory;(4)hireto retire; and (3) acquire to retireas indicated in the Syllabus. This CPA Reviewer in Auditing Practice is prepared in my desire tobe a part of your endeavor to pass the CPA Board Examination. I fervently hope that by going through the exercises and problemsin this reviewer, you will gain the necessary confidence to take thelicensure examination and fulfil your dream of becoming a CPA. aAccounting--Examinations, questions, etc.910561 aAuditing--Examinations, questions, etc.910562 aAccountancy, Bachelor of Science in.bCPA examination reviewer : auditing practice. 2lcccBKhHF5661i2024 R786k(CBA)n0 c4420d4420 00102lcc4070aFOUNDATIONbFOUNDATIONcFILd2025-04-08eDonatedl0o(CBA) HF5661 2024 R786p0092025016r2025-04-08 09:42:42w2025-04-08yBKkCBA-2025016